Marketing Strategies for Growth in Uncertain Times

Saved in:
Bibliographic Details
Main Author: Magrath, Allan J.
Format: Book
Language:English
Published: Chicago American Marketing Association 1995
Edition:1. ed.
Subjects:
Tags: Add Tag
No Tags, Be the first to tag this record!

MARC

LEADER 00000nam a2200000 4500
001 c014285
005 20230116124129.8
020 |a 0-8442-3323-4 
041 0 |a eng 
044 |a US 
245 1 0 |a Marketing Strategies for Growth in Uncertain Times  |c Allan J. Magrath 
250 |a 1. ed. 
264 1 |a Chicago  |b American Marketing Association  |c 1995 
300 |a 192 s. 
610 2 0 |a stratégia marketingová 
610 2 0 |a rast hospodársky 
610 2 0 |a marketing 
610 2 0 |a výrobky nové 
100 1 |a Magrath, Allan J.